| 000 | 00892nam a2200205Ia 4500 | ||
|---|---|---|---|
| 999 |
_c37605 _d37605 |
||
| 001 | 3577 | ||
| 003 | GE_BSU | ||
| 005 | 20190528153943.0 | ||
| 008 | 181216s1975||||ge |||||||||||||| ||geo|| | ||
| 040 | _cGE_BSU | ||
| 041 | _ageo | ||
| 080 | _a512.64(075.8) რ-97 | ||
| 100 |
_aრუხაძე, ა. _91644 |
||
| 245 |
_aწრფივი ალგებრის ელემენტები და მათი ზოგიერთი გამოყენება : დამხმ.სახელმძღვ. / _cა. რუხაძე, ; რედ : ე. კირვალიძე. |
||
| 264 |
_aთბილისი : _bსპი, _c1975. |
||
| 300 |
_a52 გვ. : _c20 სმ. |
||
| 653 | _aწრფივი ალგებრის ელემენტები | ||
| 700 |
_aკირვალიძე, ე _eრედაქტორი _91726 |
||
| 942 |
_cBK _2udc |
||